1639 1334 1150 1648 1310 1918 1089 1249 1939 1847 1577 1446 1686 1065 1340 1480 1906 1248 1112 1041 1480 1797 1891 1661 1211 1260 1755 1202 1737 1664 1524 1057 1958 1486 1202 1492 1487 1251 1335 1208 1421 1335 1175 1616 1806 1990 1424 1759 1352 1452 1772 1237 1232 1637 1401 1113 1313 1998 1987 1400 1893 1120 1436 1699 1124 1342 1094 1155 1067 1895 1637 1290 1457 1439 1901 1235 1228 1111 1235 1452 1961 1255 1373 1382 1202 1909 1286 1791 1487 1186 1068 1181 1777 1962 1102 1372 1207 1118 1037 BCNSPRNW ULIB Ver.6.0+V

เปลี่ยนเป็นภาษาไทย

Change to English
 แสดงรายละเอียดบรรณานุกรม
  กลับหน้าหลัก

Brief Record : Get Marc (ISO 2709) : E-mail record : QR code < ปิดหน้าต่าง
LEADER : 00000nam 2200000uu 4500
001    13399121078
003     ULIB
008    121104s2553||||th 000 0 tha d
020    9786167153162
090    นว.^bพ112ม
100 0  พงศกร
245 00 มณีแดนสรวง/^cพงศกร
260    กรุงเทพฯ:^bโรงพิมพ์กรุงเทพ,^c2553
300    573 หน้า
945    ^p300^l0^i19550
995    เกษร
999    ^aใช้งานได้ทุกระบบ
รายการนี้ยังไม่มีแท็ก
คุณยังไม่ได้ล็อกอิน คุณสามารถมีกิจกรรมร่วมกับเว็บไซต์ได้ แต่ต้องล็อกอินก่อน ::
  ล็อกอิน

รายการสื่อสารสนเทศ

ลำดับที่ ประเภท เลขเรียก/บาร์โค้ด สถานที่ สถานะ
1. นวนิยาย
นวนิยาย
นว. พ112ม  
  Barcode: 19550
ห้องสมุดวิทยาเขตสวรรค์ประชารักษ์
►นวนิยาย
บนชั้น
  ขอยืม

รายการใกล้เคียง
    ผู้แต่ง [พงศกร]

BibComment


ยังไม่เคยถูกคอมเมนท์

คอมเมนท์ทรัพยากรรายการนี้
  คอมเมนท์: มณีแดนสรวง พงศกร


 Copyright 2026. Bcnsprnw @Library